[Event "EU-ch 2nd"]
[Site "Ohrid"]
[Date "2001.06.01"]
[Round "1"]
[White "Roeder, Mathias"]
[Black "Aseev, Konstantin N"]
[Result "0-1"]
[WhiteElo "2459"]
[BlackElo "2577"]
[Annotator "Ftacnik,L"]
[PlyCount "68"]
[EventDate "2001.06.01"]
[EventType "swiss"]
[EventRounds "13"]
[EventCountry "YUG"]
[SourceTitle "CBM 084"]
[Source "ChessBase"]
[SourceDate "2001.09.13"]
[SourceVersion "1"]
[SourceVersionDate "2001.09.13"]
[SourceQuality "1"]

1. d4 Nf6 2. c4 e6 3. Nf3 b6 4. Nc3 Bb4 5. Bg5 Bb7 6. e3 Bxc3+ 7. bxc3 d6 8.
Nd2 Qe7 9. Bh4 Nbd7 10. Be2 O-O 11. O-O (11. Bf3 Bxf3 12. Qxf3 d5 (12... h6 13.
Qc6 Rfc8 14. f3 e5 15. e4 Nf8 16. Bf2 Ne6 17. g3 Qd7 18. Qxd7 Nxd7 19. Be3 c6 {
0-1 Rogozenko,D-Enders,P/Budapest/1995/ (63)}) 13. O-O Qa3 14. cxd5 exd5 15. c4
Qd3 16. Rfd1 c6 17. Rac1 Rfe8 18. cxd5 cxd5 19. Bxf6 Nxf6 20. Nc4 Qe4 21. Nd6
Qxf3 22. gxf3 Red8 23. Rc6 {1-0 Malaniuk,V-Karner,H/Tallinn/1987/ (69)}) 11...
Rfe8 12. e4 (12. Bf3 Bxf3 13. Qxf3 h6 $11) 12... e5 13. f4 {White comes up in
the center with aggressive setup, but his pieces are not quite ready to
support the pawns.} (13. Bg4 Qf8 14. Bf5 g6 15. Bxd7 Nxd7 $11) 13... exf4 (
13... exd4 14. cxd4 Bxe4 15. Nxe4 Qxe4 16. Bf3 Qxf4 17. Bg3 Qe3+ 18. Bf2 Qf4
19. Bxa8 Rxa8 $13) 14. Rxf4 (14. Bg4 $1 Qf8 15. Rxf4 Nxg4 16. Qxg4 $14) 14...
h6 15. Bxf6 (15. Bg4 g5 16. Bxd7 Nxd7 17. Qh5 Qe6 18. Bxg5 hxg5 19. Qxg5+ Qg6
20. Qh4 Kf8 $15) 15... Nxf6 16. Bd3 g5 17. Rf2 Nxe4 18. Bxe4 $6 (18. Re2 f5 19.
d5 (19. Qc2 Qf7 20. Bxe4 fxe4 21. Rae1 $11) 19... Qh7 20. Nxe4 fxe4 21. Qe1 $11
) 18... Bxe4 19. Qh5 Bg6 20. Qxh6 Qe3 21. Nf3 $2 {[%mdl 16384] White is way
too optimistic about his chances, black queen manages to control the whole
board from the center.} (21. Rd1 $5 Qxc3 22. Nf3 g4 23. Nh4 g3 24. hxg3 Qxg3
$15) 21... g4 22. Ng5 (22. Qxe3 Rxe3 23. Nh4 Rxc3 24. Nxg6 fxg6 25. Rf6 Kg7 26.
Raf1 Rxc4 $19) 22... Qxc3 23. Raf1 (23. Rd1 Re1+ 24. Rxe1 Qxe1+ 25. Rf1 Qe3+
26. Kh1 Re8 $19) 23... Qxd4 24. Nxf7 (24. Qh4 Re2 25. Nf3 Qxc4 $19) 24... Bxf7
25. Qg5+ Kh7 (25... Kf8 26. Qh6+ Ke7 $19) 26. Qh4+ Kg7 27. Kh1 Bg6 28. Rf4 (28.
h3 Re6 $19) 28... Re4 {White can still not get any closer to black's king
despite the piece sacrifice.} 29. Rf6 Qe5 30. Qf2 (30. h3 $2 g3 $19) 30... Re8
31. Rxg6+ Kxg6 32. Qf7+ Kg5 33. h4+ gxh3 34. g4 (34. gxh3 Re1 $19) 34... Rxg4 (
34... Re1 $4 35. Qh5#) 0-1

[Event "Capablanca Memorial Elite 40th"]
[Site "Havana"]
[Date "2005.05.14"]
[Round "9"]
[White "Jobava, Baadur"]
[Black "Ivanchuk, Vassily"]
[Result "0-1"]
[WhiteElo "2637"]
[BlackElo "2739"]
[Annotator "Ftacnik,L"]
[PlyCount "60"]
[EventDate "2005.05.06"]
[EventType "tourn"]
[EventRounds "14"]
[EventCountry "CUB"]
[EventCategory "15"]
[SourceTitle "CBM 107"]
[Source "ChessBase"]
[SourceDate "2005.08.01"]
[SourceVersion "1"]
[SourceVersionDate "2005.08.01"]
[SourceQuality "1"]

1. d4 Nf6 2. c4 e6 3. Nf3 b6 4. Bg5 h6 5. Bh4 Be7 6. Nc3 c5 7. e4 cxd4 8. Nxd4
d6 9. Ndb5 (9. Qc2 O-O 10. Be2 Bb7 11. Rd1 Nbd7 12. Bg3 Qb8 13. O-O Ne5 14. h3
Rc8 15. b3 a6 16. f4 Nc6 17. Nxc6 Bxc6 18. a4 b5 {0-1 Koch,W-Capraro,L/Ascona
2003/ (33)}) 9... a6 10. Bxf6 Bxf6 $5 {Ivanchuk is not losing his sleep over
one pawn, opposite soloured bishops and good development offer fair chances
for the initiative.} (10... gxf6 11. Nd4 Qc7 12. Qg4 $14) 11. Nxd6+ Ke7 12.
Nxc8+ (12. c5 bxc5 13. Nxc8+ Qxc8 14. Qc2 Nd7 $13) 12... Qxc8 13. Na4 $6 (13.
Qf3 Nd7 14. Be2 Rd8 15. O-O $14) 13... Rd8 14. Qb3 Nd7 15. Qa3+ (15. Nxb6 $2
Nxb6 16. Qxb6 Rb8 $1 17. Qe3 Bd4 18. Qa3+ Bc5 $19) 15... Nc5 16. Be2 (16. Nxb6
Qc6 17. Nxa8 Bxb2 18. Qxb2 Qxe4+ 19. Qe2 Nd3+ 20. Kd2 Nf4+ $19) 16... Qc6 17.
Nxc5 Qxc5 $1 {The paradox of modern chess, even with missing pawn black is
able to hope for better endgame.} 18. b4 (18. Qxc5+ bxc5 19. Rb1 Rab8 20. b3
Bc3+ 21. Kf1 Rd2 $17) 18... Qg5 19. Rd1 (19. Rb1 Qxg2 20. Bf3 Qg5 21. b5+ Ke8
22. bxa6 Qd2+ 23. Kf1 Bd4 $19) 19... Qxg2 20. b5+ Ke8 21. Rxd8+ Rxd8 22. Bf3
Qg5 {Jobava has clearly overstreched his forces and black is firmly in control
of the position.} 23. bxa6 (23. Qxa6 $2 Qc1+ 24. Ke2 Qxc4+ $19) 23... Qd2+ 24.
Kf1 Bd4 $1 25. Be2 (25. Kg2 Qxf2+ 26. Kh3 Bf6 $19) 25... Bc5 26. Qg3 (26. Qa4+
Kf8 27. Qb3 Qf4 28. Qf3 Qxf3 29. Bxf3 Rd2 $17) 26... Qxa2 27. Qxg7 $2 {[%mdl
128] White has not suspected, how severely he might be punished for this
daring move.} (27. Rg1 $1 Qxa6 (27... g6 28. Qf3 Qxa6 $17) 28. Qxg7 Qa2 $15)
27... Rd1+ $1 28. Kg2 (28. Bxd1 Qxf2#) 28... Rxh1 (28... Qxe2 $6 29. Rxd1 Qxf2+
30. Kh3 Qf3+ 31. Qg3 Qh5+ 32. Kg2 Qxd1 33. a7 $11) 29. Qh8+ (29. Qg3 Qa1 30.
Qb8+ Ke7 31. a7 Qg1+ 32. Kh3 Bd6 $19) 29... Kd7 30. a7 (30. Kxh1 Qxe2 31. Qg7
Qxf2 $19) 30... Qxe2 {Ivanchuk crowns his effort with a fine mating attack.} (
30... Qxe2 31. a8=Q Qxf2+ (31... Rg1+ 32. Kxg1 Qxf2+ 33. Kh1 Qf3#) 32. Kh3
Rxh2+ 33. Kg4 Rh4#) 0-1

[Event "EU-chT (Men) 15th"]
[Site "Gothenburg"]
[Date "2005.08.05"]
[Round "7.2"]
[White "Gormally, Daniel"]
[Black "Hracek, Zbynek"]
[Result "1-0"]
[WhiteElo "2557"]
[BlackElo "2591"]
[Annotator "Ftacnik,L"]
[PlyCount "79"]
[EventDate "2005.07.30"]
[EventType "team-swiss"]
[EventRounds "9"]
[EventCountry "SWE"]
[SourceTitle "CBM 109"]
[Source "ChessBase"]
[SourceDate "2005.11.14"]
[SourceVersion "1"]
[SourceVersionDate "2005.11.14"]
[SourceQuality "1"]
[WhiteTeam "England"]
[BlackTeam "Czech Republic"]
[WhiteTeamCountry "ENG"]
[BlackTeamCountry "CZE"]

1. d4 Nf6 2. c4 e6 3. Nf3 b6 4. a3 Bb7 5. Nc3 d5 6. cxd5 Nxd5 7. e3 g6 8. Nxd5
exd5 9. b4 Bd6 (9... Nd7 10. Be2 Bd6 11. Bb2 a6 12. Ne5 O-O 13. Rc1 Re8 14. Nc6
Bxc6 15. Rxc6 b5 16. Qb3 Nb6 17. Rxb6 cxb6 18. Bf3 Qd7 19. Bxd5 Rad8 20. Bf3
Rc8 21. Kd2 a5 {1/2-1/2 Shirov,A (2670)-Van der Wiel,J (2555)/Wijk aan Zee
1993/ (77)}) 10. Bb2 a6 11. h4 $5 {There is no real reason why Gormally's
attack should have been successful, but black has to be on alert.} Nd7 (11...
h5 12. Bd3 O-O 13. Ng5 Nd7 14. g4 $5 $40) 12. h5 O-O (12... g5 13. Bd3 g4 14.
Ne5 g3 15. Qf3 $14) 13. Ne5 (13. hxg6 hxg6 14. Qc2 Qe7 15. Rc1 Kg7 $13) 13...
Qe7 (13... g5 14. Bd3 Qe7 15. Qc2 Nf6 16. O-O c5 17. bxc5 bxc5 18. Bf5 $14) 14.
f4 c5 (14... g5 $1 15. Bd3 (15. Nxd7 Qxd7 16. fxg5 Qf5 17. Qf3 Qxg5 18. Bd3
Rae8 19. Bc1 f5 $17) 15... f6 16. Nxd7 Qxd7 17. O-O Rae8 18. Qf3 Qe6 $15) 15.
bxc5 bxc5 16. Bd3 c4 17. hxg6 fxg6 {Hracek was suffering in Gothenburg from a
poor form, so he did not trust his judgment in the lines beginning with 17...
cxd3!?} (17... cxd3 $5 18. Qg4 (18. Rxh7 Nf6 19. Rxf7 Rxf7 20. gxf7+ Kh7 $15)
18... fxg6 $1 (18... Bxe5 $2 19. gxf7+ Kh8 20. dxe5 Nf6 21. e6 $18) 19. Qxd7
Qxd7 20. Nxd7 Rfc8 21. Rc1 $11) 18. Bxg6 $5 hxg6 19. Qg4 Nf6 (19... Bxe5 20.
dxe5 Qg7 21. Bd4 Rae8 22. Qh3 Bc8 23. g4 $44) 20. Qh3 $1 (20. Qxg6+ Qg7 21. Rh6
Rac8 22. Qxg7+ Kxg7 23. Rg6+ Kh8 (23... Kh7 24. O-O-O Bxe5 25. Rg5 Ng4 26. dxe5
Nh6 27. Rh1 c3 28. Ba1 $16) 24. Rh6+ Kg8 25. Rg6+ $11) 20... Bxe5 (20... Qg7
21. Qe6+ Rf7 22. Nxf7 Qxf7 23. Qxd6 $18) 21. dxe5 Nh7 22. Bd4 (22. e6 d4 23.
Bxd4 Rac8 24. Qh6 Be4 25. g4 Rfd8 26. f5 Bxh1 27. Qxg6+ Kf8 28. Qh6+ Ke8 29.
Qxh1 Rd6 $13) 22... Bc8 23. g4 Rb8 (23... Rf7 24. Qg2 Qd8 25. f5 Qa5+ 26. Kd1
$13) 24. Qh6 Rf7 $2 {[%mdl 256] Defending a complicated position is never easy
and indeed only 24...Rb7! seems to have secured equal chances.} (24... Rb7 $1
25. Qxg6+ Qg7 26. Qxg7+ Rxg7 27. g5 Bf5 (27... Nxg5 28. fxg5 Rxg5 29. Rb1 Kf7
30. Rb6 $14) 28. Rh6 Rg6 $11) (24... Qg7 25. e6 Qxh6 26. Rxh6 Bxe6 27. Rxg6+
Kf7 28. f5 $1 (28. Rg7+ Ke8 29. Rxh7 Bxg4 30. Rh6 Bc8 $11) 28... Bxf5 29. gxf5
Ke8 30. e4 dxe4 31. Re6+ Kd8 32. O-O-O Kc8 33. Rxe4 Rb5 34. Re7 $16) 25. Qxg6+
Rg7 (25... Kf8 26. f5 Qc7 27. Qh6+ Kg8 28. Ke2 Rb7 29. e6 $18) 26. Rxh7 $1 Rxg6
27. Rxe7 Bxg4 28. Rc7 $2 {It is not easy to explain why Gormally refrained
from the very logical idea of playing for the mating attack with coordinated
white pieces 28.Kf2!} (28. Kf2 $1 Kf8 (28... Rc8 29. e6 $1 Bxe6 30. Rh1 Kf8 31.
Rxe6 Rxe6 32. Rh8+ Ke7 33. Rxc8 $18) 29. Ra7 Rc8 30. Rh1 c3 31. e6 Rg8 32. Rf7+
Ke8 33. Rhh7 Bxe6 34. Re7+ Kf8 35. f5 $18) 28... Bf5 29. Kf2 Rb1 (29... Rc8 30.
Ra7 Rcc6 31. Rh1 Rh6 32. Rxh6 Rxh6 33. Ke1 $16) 30. Rxb1 (30. Ra2 $2 Rbg1 $19)
30... Bxb1 31. a4 Bf5 32. a5 Kf8 33. Bc5+ Ke8 $2 {Hracek instinctively goes in
the wrong direction, the paradoxal 33...Kg8! seems to have been holding the
game.} (33... Kg8 $1 34. Bd6 Rh6 35. Rc6 Rh2+ 36. Ke1 Rh1+ 37. Kd2 Rh2+ 38. Kc3
Rc2+ 39. Kd4 Rd2+ 40. Kc5 c3 41. Kb6 c2 42. Kxa6 Rd1 $11) 34. Re7+ Kd8 (34...
Kf8 35. e6 $18) 35. Rf7 Be4 (35... Be6 36. Rf8+ Kd7 37. f5 $18) 36. f5 Rg2+ 37.
Kf1 Rg5 (37... c3 38. Rf8+ Kc7 39. Bd6+ Kd7 40. Rf7+ Kc6 41. Rc7+ Kb5 42. f6
Rg5 43. f7 Bd3+ 44. Kf2 Rf5+ 45. Kg3 Rxf7 46. Rxf7 $18) 38. Be7+ $1 Ke8 39.
Bxg5 Kxf7 40. e6+ {Black is unable to prevent the pawns from advancing too far.
} (40. e6+ Ke8 41. f6 Bg6 42. Ke2 c3 43. Bh6 c2 44. Kd2 $18) 1-0

[Event "Sofia MTel Masters 1st"]
[Site "Sofia"]
[Date "2005.05.18"]
[Round "6"]
[White "Ponomariov, Ruslan"]
[Black "Kramnik, Vladimir"]
[Result "1-0"]
[WhiteElo "2695"]
[BlackElo "2753"]
[Annotator "Ftacnik,L"]
[PlyCount "89"]
[EventDate "2005.05.12"]
[EventType "tourn"]
[EventRounds "10"]
[EventCountry "BUL"]
[EventCategory "20"]
[SourceTitle "CBM 107"]
[Source "ChessBase"]
[SourceDate "2005.08.01"]
[SourceVersion "1"]
[SourceVersionDate "2005.08.01"]
[SourceQuality "1"]

1. d4 Nf6 2. c4 e6 3. Nf3 b6 4. Nc3 Bb7 5. Bg5 h6 6. Bh4 g5 7. Bg3 Nh5 8. e3
Nxg3 9. hxg3 Bg7 10. Qc2 Nc6 11. O-O-O Qe7 12. g4 {Ponomariov correctly fixes
the kingside, the pawn h6 will require long term attention.} (12. a3 O-O-O 13.
d5 Ne5 14. Nd4 Kb8 15. Be2 g4 16. Kb1 c5 17. Nb3 f5 18. Rd2 Nf7 19. Nc1 Bxc3
20. Qxc3 exd5 21. cxd5 Nd6 22. Rdd1 Ne4 23. Qe1 Qe5 {1/2-1/2 Antoshin,
V-Polugaevsky,L/Sochi 1966/ (28)}) (12. d5 Nb4 13. Qb3 Bxc3 14. bxc3 Na6 15.
Be2 e5 16. Rh5 O-O-O 17. Qc2 Qf6 18. Bd3 Nc5 19. Bf5 Ba6 20. Nd2 Nb7 21. Rdh1
Kb8 22. g4 Nd6 {1/2-1/2 Jost,C-Schabanel,S/France 1995/ (27)}) 12... Nb4 (12...
O-O-O 13. a3 Kb8 14. Be2 h5 15. gxh5 g4 16. Nd2 f5 17. f3 Qg5 18. f4 Qf6 19.
Nf1 Ne7 20. Bd3 d5 21. Ng3 c5 22. dxc5 d4 23. Na4 dxe3 24. cxb6 axb6 25. Qb3 {
1-0 Zilberman,Y-Farago,I/Cappelle la Grande 2004/ (34)}) 13. Qd2 (13. Qb3 c5
14. a3 Nc6 15. d5 Na5 16. Qc2 a6 17. d6 $14) 13... c5 (13... O-O-O 14. a3 Nc6
15. Bd3 $14) 14. d5 exd5 15. a3 dxc4 $6 {[%mdl 1024] Kramnik has played in
Sofia with a great courage and was not afraid to sacrifice material.
Unexpected investment of the piece is nearly for sure incorrect, but white had
to show courage and phantasy.} (15... Bxc3 16. bxc3 Nc6 17. cxd5 Ne5 18. Nxe5
Qxe5 19. f4 Qf6 20. g3 $14) (15... d4 16. exd4 Bxf3 17. Re1 $18) 16. axb4 $1 (
16. Bxc4 Rc8 17. e4 a6 $13) 16... cxb4 17. Nb5 (17. Nd5 c3 18. bxc3 bxc3 19.
Qa2 Bxd5 20. Rxd5 $16) 17... d5 18. Nbd4 Bf6 (18... Qc5 19. Nf5 Bf6 20. Kb1 Bc6
21. N3d4 Bd7 22. Qe2 c3 23. e4 $16) 19. e4 $1 {Exchampion of the world from
Ukraine hints at the solution of the defensive problems- it will be
counterattack. Kramnik's king has abolutely nowhere to hide.} c3 (19... dxe4
20. Nf5 c3 21. bxc3 (21. Qe3 Qc5 22. Nd6+ Ke7 23. Nxb7 Qxe3+ 24. fxe3 exf3 25.
gxf3 cxb2+ 26. Kb1 Rac8 27. Bd3 a5 $13) 21... Qc7) 20. bxc3 dxe4 (20... bxc3
21. Qa2 Bxd4 (21... O-O 22. Rxh6 $16) 22. Nxd4 Qxe4 23. Qa3 Qe7 24. Bb5+ Kf8
25. Qxc3 Rc8 26. Nc6 Qc5 27. Qxc5+ bxc5 28. Nxa7 $16) 21. Nf5 Qc7 (21... Bxc3
22. Qa2 $1 Qc7 23. Bb5+ Kf8 24. Rd7 $18) 22. Bb5+ $2 (22. Nd6+ $1 Kf8 (22...
Ke7 23. Nd4 bxc3 24. Qe3 Kf8 25. N4b5 $16) 23. Nxb7 exf3 (23... Qxb7 24. Qd6+
Kg7 25. Nd4 bxc3 26. Nf5+ Kg6 27. Qh2 h5 28. Rd6 $18) 24. Qd6+ Qxd6 25. Nxd6
Bxc3 26. gxf3 a5 27. Bc4 $16) 22... Kf8 23. N3d4 Rc8 $2 {In the somewhat
irrational position even the best players are playing without confidence,
better impression is made by the alternative moves 23...bxc3 and 23...a6!?} (
23... bxc3 24. Qa2 (24. Qe2 a6 25. Ba4 b5 26. Bb3 b4 $36) 24... a6 25. Bc4 b5
26. Bd5 b4 $11) (23... a6 $5 24. Be2 bxc3 25. Qa2 Rd8 $13) 24. Ne2 e3 (24... a6
25. Qd6+ Qxd6 26. Nxd6 axb5 27. Nxb7 $16) (24... Rd8 25. Qe3 Bd5 (25... bxc3
26. Rxd8+ Qxd8 27. Rd1 Qa8 28. Nxc3 Qc8 29. Kb2 $18) 26. f3 $16) 25. Qxe3 (25.
Qa2 Rh7 (25... Bxc3 26. Rd7 Bb2+ 27. Kxb2 Qc2+ 28. Ka1 $18) 26. Rd7 Qc5 27.
Rxb7 Qxb5 28. Nd6 b3 29. Qa3 $18) 25... Bxg2 (25... Bxc3 26. Nxc3 Bxg2 27. Kb1
bxc3 28. Rd7 Qc5 29. Qxc5+ bxc5 30. Re1 Rb8 31. Kc2 $18) 26. Rhg1 (26. Rd7 $1
Qc5 27. Rxh6 Rxh6 28. Nxh6 Be7 29. Nf5 Qxe3+ 30. fxe3 $18) 26... Bc6 $6 {
The last moment when black was able to prepare more difficult problems for his
enemy with the move 26...Bxc3!?} (26... Bxc3 $5 27. Kb1 $1 (27. Nxc3 Be4 28.
Nd6 Qxc3+ 29. Qxc3 Rxc3+ 30. Kb2 Rc2+ 31. Kb3 Bg6 $13) 27... Bc6 28. Qd3 Bxb5
29. Qxb5 Qe5 30. Nxc3 Qxc3 31. Rd3 $18) 27. Bxc6 Qxc6 28. Rd6 $1 Qa4 29. Rxf6
Qa1+ (29... Re8 30. Qf3 (30. Rxf7+ Kxf7 31. Nd6+ Kg7 32. Qd4+ Kh7 33. Nxe8 Rxe8
34. Qd3+ $14) 30... Qa1+ 31. Kc2 Qa2+ 32. Kd3 Qa6+ 33. Kd4 Rxe2 (33... Qxe2 34.
Rxf7+ Kxf7 35. Nxh6+ $18) 34. Qa8+ Re8 35. Qc6 Rd8+ 36. Rd6 Qc8 37. cxb4 $18)
30. Kd2 Qa2+ 31. Kd1 Re8 (31... Qb1+ 32. Nc1 Rd8+ 33. Nd6 $18) 32. Qd3 Qa4+ 33.
Qc2 $1 {White enjoys so much extra material, that he can easily offer one
piece for simplifying the position.} (33. Ke1 Qa1+ 34. Kd2 Qa2+) 33... Qxc2+ (
33... b3 34. Qb2 Qa2 35. Qxa2 bxa2 36. Kd2 $18) 34. Kxc2 Rxe2+ 35. Kb3 (35. Kd3
Re6 36. Rxe6 fxe6 37. Nd4 $16) 35... bxc3 36. Rd1 Rd2 (36... c2 37. Rd8+ Re8
38. Rd7 c1=N+ (38... c1=Q 39. Rdxf7+ Kg8 40. Rg7#) 39. Kc2 Rc8+ 40. Kd1 Rh7 41.
Rc6 $18) 37. Rc1 (37. Rxd2 cxd2 38. Rd6 f6 39. Rxd2 $18) 37... c2 38. Rc6 {
Kramnik is punished for the poor cordination of his forces, there is no
discussion about the real resistance.} Kg8 (38... Rd8 39. R1xc2 h5 $2 40. Rc8
Ke8 41. R2c7 $18) 39. Nxh6+ Kh7 (39... Kg7 40. Nf5+ Kg8 41. Rc8+ Kh7 42. Rh1+
$18) (39... Kf8 40. Rc8+ Kg7 41. Nf5+ $18) 40. Nxf7 Rg8 41. R1xc2 Rxc2 42. Kxc2
Rg7 43. Rf6 Kg8 44. Ne5 Kh7 45. Rf5 1-0

[Event "USA-ch"]
[Site "Seattle"]
[Date "2002.01.08"]
[Round "4"]
[White "Christiansen, Larry Mark"]
[Black "Fedorowicz, John P"]
[Result "1-0"]
[WhiteElo "2571"]
[BlackElo "2517"]
[Annotator "Ftacnik,L"]
[PlyCount "73"]
[EventDate "2002.01.05"]
[EventType "swiss"]
[EventRounds "9"]
[EventCountry "USA"]
[SourceTitle "CBM 087"]
[Source "ChessBase"]
[SourceDate "2002.03.21"]
[SourceVersion "1"]
[SourceVersionDate "2002.03.21"]
[SourceQuality "1"]

1. d4 Nf6 2. c4 e6 3. Nf3 b6 4. a3 Ba6 5. Qc2 c5 6. d5 exd5 7. cxd5 g6 8. Nc3
Bg7 9. g3 O-O 10. Bg2 d6 11. O-O Nbd7 12. Re1 Re8 13. Bf1 $5 {Interesting
novelty as white hopes to slow down the counterplay with b6-b5.} (13. e4 b5 14.
Bf4 Qb6 15. h3 Nh5 16. Be3 Rac8 17. Bf1 Bd4 18. Kg2 Ne5 19. Qd1 Bxe3 20. Rxe3 {
1-0 Ivanchuk,V-Adianto,U/Cap d'Agde/1998/ (60)}) (13. h3 b5 14. e4 Qc8 15. Bf4
b4 16. Nd1 b3 17. Qb1 Qc7 18. Nc3 Nh5 19. Bd2 c4 20. g4 Nhf6 21. Bf4 h5 {
0-1 Lobron,E-Tischbierek,R/Altenkirchen/ 2001/ (33)}) 13... Ne5 (13... b5 14.
e4 Rb8 15. a4 (15. Bf4 Qb6) 15... Qa5 16. Bd2 b4 17. Nb5 Rxe4 18. Rxe4 Bxb5 19.
Bxb5 Rxb5 20. Ree1 Rb8 $13) 14. Nxe5 Rxe5 (14... dxe5 15. e4 $14) 15. Bf4 Re8
16. Rad1 Qe7 (16... Qd7 $5 17. h3 (17. Bg2 b5) 17... Nh5 18. Bd2 Bd4 19. Kg2
Bc8 20. g4 Nf6 21. e3 Bxc3 22. Bxc3 Ne4 $11) 17. h3 Rad8 18. Qa4 $5 Qb7 (18...
Bc8 19. e4 Nh5 20. Be3 a6 $11) 19. e4 Bxf1 20. Kxf1 Nh5 (20... Rd7 21. Kg2 $14)
21. Bg5 Rb8 (21... Rd7 22. Qc6) 22. Qc6 {The queen becomes unusually active in
front of the pieces luring black into change of the pawn structure.} Be5 (22...
Qxc6 23. dxc6 Bd4 24. Nb5 $16) 23. Kg2 b5 24. f4 Bxc3 (24... b4 25. axb4 Bxc3
26. bxc3 cxb4 27. g4 Ng7 28. cxb4 $14) (24... Bg7 25. g4 $1 (25. Qxd6 b4 $1 26.
axb4 Qxb4 27. e5 (27. Rb1 Bxc3 28. bxc3 Qxc3) 27... f6 28. Bxf6 Qxb2+ 29. Ne2
Nxf6 30. Qxc5 $11) 25... b4 26. axb4 (26. Na4 $6 bxa3 27. bxa3 Qb3 28. gxh5
Rxe4 $1 $17) 26... Qxb4 27. Rb1 Nf6 28. Bxf6 Bxf6 29. Qxd6 $14) 25. bxc3 f6 26.
Bh6 Qe7 (26... Qxc6 $2 27. dxc6 Rbd8 (27... Re6 28. g4 Ng7 29. f5 $18) 28. g4
Ng7 29. g5 Nh5 30. gxf6 Nxf6 31. Bg5 $18) 27. e5 $1 {[%mdl 32] White is
perfectly prepared for the opening of the center as d pawn becomes rather
dangerous.} fxe5 28. fxe5 dxe5 29. d6 (29. Be3 Qf6 30. Bxc5 (30. Qxc5 e4 31.
Rf1 Qe5 $13) 30... Qg5 31. Bf2 Re7 $132) 29... Qb7 (29... Qe6 30. Bg5 $1 e4 31.
Qd5 $16) 30. Qd5+ (30. Qxb7 Rxb7 31. Rd5 e4 32. Rxc5 Kf7 33. g4 $14) 30...
Qxd5+ 31. Rxd5 Rbd8 (31... Nf6 32. Rdxe5 Rxe5 33. Rxe5 Rd8 34. Rxc5 a6 35. Rc6
$16) 32. Bg5 Rd7 33. Be7 Ng7 34. g4 $1 (34. Rxc5 Nf5 35. Rcxe5 a6 $14) 34...
Rexe7 $2 {Interesting mistake as white will force promotion of the e7 pawn
despite beeing a piece down.} (34... Ne6 35. Kf1 Nf4 36. Rxc5 Nd3 37. Rxb5 (37.
Rc7 Rxc7 38. dxc7 Rc8 $17) 37... Nxe1 38. Kxe1 $14) 35. dxe7 Rxd5 (35... Rxe7
36. Rxc5 $18) 36. Rf1 $1 Rd2+ 37. Kg1 1-0

[Event "USA-ch"]
[Site "Seattle"]
[Date "2002.01.12"]
[Round "8"]
[White "Vucic, Mladen"]
[Black "Saidy, Anthony Fred"]
[Result "1-0"]
[WhiteElo "2396"]
[BlackElo "2373"]
[Annotator "Ftacnik,L"]
[PlyCount "67"]
[EventDate "2002.01.05"]
[EventType "swiss"]
[EventRounds "9"]
[EventCountry "USA"]
[SourceTitle "CBM 087"]
[Source "ChessBase"]
[SourceDate "2002.03.21"]
[SourceVersion "1"]
[SourceVersionDate "2002.03.21"]
[SourceQuality "1"]

1. d4 Nf6 2. c4 e6 3. Nf3 b6 4. a3 Bb7 5. Nc3 d5 6. cxd5 Nxd5 7. Qc2 Be7 8. e4
Nxc3 9. bxc3 c5 10. Bb5+ Bc6 11. Bd3 Nd7 12. Qe2 O-O 13. O-O Nf6 14. Ne5 Bb7
15. Bb2 Nd7 {Black must tame white pieces lurkig behind the compact pawn
structure in the center.} (15... Bd6 16. Rfd1 Qc7 $13) 16. Nf3 Qc7 17. Nd2 Bg5
18. Nf3 (18. Rfd1 Rad8 19. Nf3 Bf4 $13) 18... Be7 19. Rfe1 Rac8 (19... Rad8 20.
Rad1 e5 $14) 20. Rad1 e5 $2 21. Bb5 $1 exd4 $6 {[%mdl 16384] Saidy feels no
danger in letting white pieces to roam in the open space.} (21... Bc6 22. Bxc6
Qxc6 23. d5 Qd6 24. Nd2 $14) 22. cxd4 cxd4 (22... Rfd8 23. d5 $16) 23. Nxd4 Ne5
(23... Nc5 24. Nf5 Rfd8 (24... f6 25. Qg4 g6 26. e5 $1 $18) 25. Rxd8+ Rxd8 26.
Qg4 Ne6 $1 (26... g6 27. Nh6+ Kf8 28. Nxf7 Kxf7 29. Qf3+ Ke6 (29... Kg8 30.
Bc4+ $18) 30. Qh3+ Kd6 31. Rd1+ $18) 27. Nxg7 (27. Bxg7 h5 28. Be5+ (28. Qg3
Qxg3 29. Nxe7+ Kxg7 30. Nf5+ Kf8 31. Nxg3 Nd4 $14) 28... hxg4 29. Bxc7 Nxc7 30.
Nxe7+ Kf8 31. Nc6 $14) 27... Qf4 28. Qxf4 (28. Nf5+ Qxg4 29. Nh6+ Kf8 30. Nxg4)
28... Nxf4 29. Nf5 Bc5) 24. Nf5 Bc5 $6 (24... Rfd8 25. Bd7 $1 Rxd7 26. Bxe5
Rxd1 27. Bxc7 Rxe1+ 28. Qxe1 Rxc7 29. Nxe7+ Rxe7 30. f3 $16) (24... Rcd8 25. f4
$1 Ng6 26. Bxg7 $18) (24... f6 25. Bxe5 Qxe5 26. Rd7 $18) 25. Rd7 $1 $18 {
Black had opened up the center in a very unfortunate way and the punishment is
quite brutal.} (25. Nxg7 Kxg7 (25... a6 26. Qh5 f6 27. Ne6 Qf7 28. Qxf7+ Rxf7
29. Be2 $16) 26. Rd7 Qb8 27. Bxe5+ Qxe5 28. Rxb7 Bxa3 29. Rxa7 Bd6 30. g3 $16)
25... Bxf2+ (25... Nxd7 26. Qg4 Bxf2+ 27. Kh1 g6 28. Nh6# (28. Ne7#)) (25...
Qb8 26. Bxe5 Qxe5 27. Rxb7 $18) 26. Kxf2 (26. Kf1 Qc5 27. Rc1 Qxc1+ 28. Bxc1
Rxc1+ 29. Kxf2 Nxd7 30. Qb2 $18) 26... Nxd7 (26... Qc5+ 27. Bd4 $18) 27. Qg4
Qc5+ 28. Re3 Qc2+ 29. Re2 Qc5+ 30. Kg3 Qc7+ 31. Kh3 Qc3+ $8 32. Bxc3 Rxc3+ 33.
g3 g6 34. Bxd7 1-0